[Event "Titled Tuesday intern op 14th Jan Early"]
[Site "Chess.com INT"]
[Date "2025.01.14"]
[Round "10"]
[White "Cupid, Kevin"]
[Black "Adu, Oladapo"]
[Result "0-1"]
[WhiteElo "2189"]
[BlackElo "2060"]
[PlyCount "72"]
[EventDate "2025.01.14"]
[EventType "swiss (blitz)"]
[EventRounds "11"]
[EventCountry "USA"]
[SourceTitle "CB04_2025"]
[SourceDate "2025.01.22"]
[SourceVersion "1"]
[SourceVersionDate "2025.01.22"]
[SourceQuality "1"]

1. e4 c5 2. Nf3 e6 3. c4 Nc6 4. Nc3 g6 5. d4 Bg7 6. d5 Nd4 7. Bd3 d6 8. Nxd4 cxd4 9. Ne2 Ne7 10. 0-0 0-0 11. b4 a5 12. Qb3 axb4 13. Qxb4 Qc7 14. a4 e5 15. a5 f5 16. f3 Rd8 17. Bg5 h6 18. Bd2 Kh7 19. Rfb1 Ng8 20. Qb6 Qe7 21. Ra2 Nf6 22. Bb4 fxe4 23. fxe4 Ra6 24. Qb5 Ra8 25. c5 dxc5 26. Bxc5 Qd7 27. Qb4 Ng4 28. Ng3 Ne3 29. Bb6 Rf8 30. Qd2 Qg4 31. Qe2 Qg5 32. Qd2 h5 33. Nf1 Bh6 34. Nxe3 dxe3 35. Qe2 Rf2 36. Bxe3 Qxg2# 0-1

[Event "Titled Tuesday intern op 14th Jan Early"]
[Site "Chess.com INT"]
[Date "2025.01.14"]
[Round "8"]
[White "Cupid, Kevin"]
[Black "Baches Garcia, Guillermo"]
[Result "1-0"]
[WhiteElo "2189"]
[BlackElo "2322"]
[PlyCount "67"]
[EventDate "2025.01.14"]
[EventType "swiss (blitz)"]
[EventRounds "11"]
[EventCountry "USA"]
[SourceTitle "CB04_2025"]
[SourceDate "2025.01.22"]
[SourceVersion "1"]
[SourceVersionDate "2025.01.22"]
[SourceQuality "1"]

1. e4 c5 2. Nf3 d6 3. Bb5+ Bd7 4. Bd3 Nf6 5. c3 e5 6. Na3 Nc6 7. Bc2 g6 8. 0-0 Bg7 9. Nc4 Qe7 10. d4 exd4 11. cxd4 0-0 12. dxc5 dxc5 13. e5 Ng4 14. Re1 Rad8 15. Bg5 Qe6 16. Bb3 h6 17. Bxd8 Rxd8 18. Nd6 Qe7 19. Nxb7 Rf8 20. Nd6 g5 21. Qd5 Na5 22. Qxc5 Nxb3 23. axb3 Be6 24. Rxa7 Qd8 25. h3 h5 26. hxg4 hxg4 27. Nd4 g3 28. Nxe6 gxf2+ 29. Qxf2 fxe6 30. Qg3 Qb6+ 31. Qe3 Qb4 32. Rxg7+ Kxg7 33. Qxg5+ Kh7 34. Re4 1-0

[Event "Titled Tuesday intern op 14th Jan Early"]
[Site "Chess.com INT"]
[Date "2025.01.14"]
[Round "9"]
[White "Omariev, Maksim"]
[Black "Cupid, Kevin"]
[Result "0-1"]
[WhiteElo "2304"]
[BlackElo "2189"]
[PlyCount "56"]
[EventDate "2025.01.14"]
[EventType "swiss (blitz)"]
[EventRounds "11"]
[EventCountry "USA"]
[SourceTitle "CB04_2025"]
[SourceDate "2025.01.22"]
[SourceVersion "1"]
[SourceVersionDate "2025.01.22"]
[SourceQuality "1"]

1. g4 d5 2. Bg2 c6 3. h3 e5 4. d4 Nd7 5. c4 dxc4 6. Nc3 h5 7. gxh5 Ngf6 8. dxe5 Nxe5 9. Qxd8+ Kxd8 10. Bf4 Bd6 11. 0-0-0 Kc7 12. Nf3 Nd3+ 13. exd3 Bxf4+ 14. Kc2 Bf5 15. Ne1 Rad8 16. Bf1 b5 17. Ng2 Be5 18. Ne3 cxd3+ 19. Bxd3 Bxd3+ 20. Rxd3 Rxd3 21. Kxd3 Rd8+ 22. Kc2 Nxh5 23. Ne4 g6 24. Ng5 Rd7 25. h4 Bf4 26. Ng4 Bxg5 27. hxg5 Rd5 28. f4 Rf5 0-1

[Event "Titled Tuesday intern op 07th Jan Early"]
[Site "Chess.com INT"]
[Date "2025.01.07"]
[Round "9"]
[White "Aaron, Deepak"]
[Black "Cupid, Kevin"]
[Result "1-0"]
[WhiteElo "2280"]
[BlackElo "2189"]
[PlyCount "83"]
[EventDate "2025.01.07"]
[EventType "swiss (blitz)"]
[EventRounds "11"]
[EventCountry "USA"]
[SourceTitle "CB03_2025"]
[SourceDate "2025.01.15"]
[SourceVersion "1"]
[SourceVersionDate "2025.01.15"]
[SourceQuality "1"]

1. e4 d5 2. exd5 Qxd5 3. Nc3 Qd8 4. b3 c6 5. Bb2 Nf6 6. Qe2 Bf5 7. 0-0-0 e6 8. f3 h6 9. h4 Na6 10. g4 Bg6 11. Nh3 Bd6 12. h5 Bh7 13. g5 Nxh5 14. Rg1 Nf4 15. Nxf4 Bxf4 16. g6 Bxg6 17. Rxg6 fxg6 18. Qxe6+ Qe7 19. Qxg6+ Kf8 20. Qf5+ Qf7 21. Ba3+ c5 22. Qe4 Re8 23. Qa4 Rd8 24. Bc4 Qf5 25. Ne4 Nb4 26. Bxb4 cxb4 27. Qxb4+ Bd6 28. Nxd6 Qf6 29. Nxb7+ Qe7 30. Qxe7+ Kxe7 31. Re1+ Kd7 32. Nxd8 Kxd8 33. Rg1 g5 34. Bd3 Rf8 35. Rh1 Rf6 36. Be4 Ke7 37. d4 Kd6 38. Kd2 Ke7 39. Ke3 a5 40. c4 Kd6 41. c5+ Kc7 42. d5 1-0

[Event "Titled Tuesday intern op 07th Jan Early"]
[Site "Chess.com INT"]
[Date "2025.01.07"]
[Round "8"]
[White "Cupid, Kevin"]
[Black "Deveci, Huseyin Said"]
[Result "1-0"]
[WhiteElo "2189"]
[BlackElo "2225"]
[PlyCount "81"]
[EventDate "2025.01.07"]
[EventType "swiss (blitz)"]
[EventRounds "11"]
[EventCountry "USA"]
[SourceTitle "CB03_2025"]
[SourceDate "2025.01.15"]
[SourceVersion "1"]
[SourceVersionDate "2025.01.15"]
[SourceQuality "1"]

1. d4 Nf6 2. Bg5 e6 3. Nd2 d5 4. e3 Be7 5. c3 h6 6. Bh4 c5 7. Ngf3 Nc6 8. Bd3 0-0 9. 0-0 cxd4 10. exd4 a6 11. Re1 b5 12. a3 Rb8 13. Qe2 Bd7 14. Ne5 Nxe5 15. dxe5 Nh7 16. Bg3 a5 17. Nf3 b4 18. axb4 axb4 19. c4 dxc4 20. Bxc4 Bc5 21. Red1 Qe7 22. Qe4 Rfc8 23. Bd3 Nf8 24. Nd4 Ng6 25. h4 Rd8 26. h5 Nf8 27. Bc2 Rbc8 28. Bb3 Nh7 29. Qe2 Qg5 30. Rd2 Bb5 31. Qd1 Rc7 32. Rc1 Bxd4 33. Rxc7 Bxf2+ 34. Bxf2 Rxd2 35. Qe1 Nf8 36. Rc8 Re2 37. Qd1 Qf4 38. Qd4 Qc1+ 39. Kh2 Qg5 40. Kg1 Qc1+ 41. Rxc1 1-0

[Event "Titled Tuesday intern op 07th Jan Early"]
[Site "Chess.com INT"]
[Date "2025.01.07"]
[Round "4"]
[White "Cupid, Kevin"]
[Black "Hnydiuk, Aleksander"]
[Result "0-1"]
[WhiteElo "2189"]
[BlackElo "2342"]
[PlyCount "94"]
[EventDate "2025.01.07"]
[EventType "swiss (blitz)"]
[EventRounds "11"]
[EventCountry "USA"]
[SourceTitle "CB03_2025"]
[SourceDate "2025.01.15"]
[SourceVersion "1"]
[SourceVersionDate "2025.01.15"]
[SourceQuality "1"]

1. d4 Nf6 2. Nf3 e6 3. Bg5 h6 4. Bf4 b6 5. e3 Bb7 6. Nbd2 Be7 7. c3 Nh5 8. Be5 d6 9. Ng1 dxe5 10. Qxh5 exd4 11. cxd4 0-0 12. a3 c5 13. dxc5 Bxc5 14. Ngf3 Qf6 15. Rb1 Nd7 16. Bb5 Rfd8 17. 0-0 a6 18. Be2 Bf8 19. b4 g6 20. Qh4 Qxh4 21. Nxh4 Ne5 22. Nc4 Nxc4 23. Bxc4 Rac8 24. Rbc1 Bg7 25. Nxg6 Rc7 26. Nf4 Rdc8 27. Nxe6 Rxc4 28. Rxc4 Rxc4 29. Nxg7 Kxg7 30. Rd1 Rc3 31. a4 Rc4 32. b5 Rxa4 33. bxa6 Bxa6 34. h3 b5 35. Rd6 b4 36. Rb6 Bc4 37. g4 b3 38. Kh2 Ra6 39. Rb4 Be6 40. Kg3 Rc6 41. f4 Rc3 42. Kf3 Bd5+ 43. Kf2 Rc2+ 44. Ke1 b2 45. e4 Ba2 46. Kd1 b1Q+ 47. Rxb1 Bxb1 0-1

[Event "Titled Tuesday intern op 07th Jan Early"]
[Site "Chess.com INT"]
[Date "2025.01.07"]
[Round "7"]
[White "Da Silva, Lucas Pereira Mende"]
[Black "Cupid, Kevin"]
[Result "0-1"]
[WhiteElo "2089"]
[BlackElo "2189"]
[PlyCount "170"]
[EventDate "2025.01.07"]
[EventType "swiss (blitz)"]
[EventRounds "11"]
[EventCountry "USA"]
[SourceTitle "CB03_2025"]
[SourceDate "2025.01.15"]
[SourceVersion "1"]
[SourceVersionDate "2025.01.15"]
[SourceQuality "1"]

1. d4 Nf6 2. Bf4 e6 3. e3 c5 4. Nc3 d5 5. Nb5 Na6 6. Nf3 Be7 7. c3 0-0 8. Bd3 Bd7 9. Ne5 c4 10. Nxc4 Bxb5 11. Ne5 Qb6 12. 0-0 Bxd3 13. Nxd3 Ne4 14. f3 Nd6 15. Ne5 Rfe8 16. Qe2 Qb5 17. Qf2 f6 18. a4 Qa5 19. Nd3 Rac8 20. Rfc1 Qd8 21. h4 Bf8 22. h5 Nb8 23. Qg3 Nf5 24. Qh3 Nc6 25. e4 Nd6 26. Re1 dxe4 27. fxe4 e5 28. Be3 Nc4 29. Bc1 exd4 30. Nf4 N6e5 31. Nd5 d3 32. Rd1 d2 33. Bxd2 Nxb2 34. Rdb1 Nbc4 35. Bf4 b6 36. a5 Nxa5 37. Kh1 Qd7 38. Qg3 Qf7 39. Rf1 Qe6 40. Bh6 Qg4 41. Qxg4 Nxg4 42. Bf4 Rxe4 43. Bg3 Rd8 44. Nf4 Rd7 45. Rae1 Rxe1 46. Rxe1 Kf7 47. Ra1 Nc4 48. Kg1 Nce5 49. Ra6 Bc5+ 50. Kh1 g6 51. hxg6+ hxg6 52. Ra1 g5 53. Nh3 Nd3 54. Rf1 Kg6 55. Bh2 Re7 56. Bg1 Re1 57. Rxe1 Nxe1 58. Bxc5 bxc5 59. Kg1 f5 60. Kf1 Nd3 61. Ke2 c4 62. Ng1 Kf6 63. Nf3 Nge5 64. Nd4 Nf4+ 65. Kd2 a6 66. Nc2 Nd5 67. Ne3 Nxe3 68. Kxe3 Ke6 69. Kd4 f4 70. Ke4 a5 71. Kd4 Kf5 72. Kc5 g4 73. Kb5 Ke4 74. Kc5 a4 75. Kb4 Kd3 76. Kxa4 Kxc3 77. Ka3 Kd2 78. g3 f3 79. Ka2 f2 80. Kb2 f1Q 81. Ka2 Qd3 82. Ka1 Qc3+ 83. Kb1 Qb3+ 84. Ka1 Qb4 85. Ka2 Nd3 0-1

[Event "Titled Tuesday intern op 07th Jan Early"]
[Site "Chess.com INT"]
[Date "2025.01.07"]
[Round "10"]
[White "Ljukin, Sergei"]
[Black "Cupid, Kevin"]
[Result "1-0"]
[WhiteElo "2362"]
[BlackElo "2189"]
[PlyCount "117"]
[EventDate "2025.01.07"]
[EventType "swiss (blitz)"]
[EventRounds "11"]
[EventCountry "USA"]
[SourceTitle "CB03_2025"]
[SourceDate "2025.01.15"]
[SourceVersion "1"]
[SourceVersionDate "2025.01.15"]
[SourceQuality "1"]

1. e4 d5 2. exd5 Qxd5 3. Nc3 Qd8 4. d4 Nf6 5. Nf3 Bg4 6. h3 Bxf3 7. Qxf3 c6 8. Be3 e6 9. Bd3 Bb4 10. 0-0 0-0 11. Ne4 Nbd7 12. c4 a5 13. Rfd1 a4 14. a3 Be7 15. Bf4 Qb6 16. Nxf6+ Bxf6 17. c5 Qa5 18. Rab1 Rfd8 19. b4 axb3 20. Rxb3 Bxd4 21. Rxb7 Nf6 22. Bc7 Qxc5 23. Bxd8 Rxd8 24. Rc7 Kf8 25. a4 Qd5 26. Rxc6 Qxf3 27. gxf3 g6 28. a5 Nd5 29. Rdc1 Kg7 30. Bf1 h5 31. a6 Ra8 32. Rc8 Ra7 33. Rb1 Kf6 34. Rb7 h4 35. Rxa7 Bxa7 36. Rd8 Bb6 37. Rd7 e5 38. Rb7 Ke6 39. a7 Bxa7 40. Rxa7 Nf4 41. Bc4+ Kf5 42. Rxf7+ Kg5 43. Bf1 Ne6 44. Bg2 Nd4 45. Kf1 Nf5 46. Ke2 Kf4 47. Rf8 Kg5 48. Bf1 Nd4+ 49. Ke3 Nf5+ 50. Ke4 Nd6+ 51. Kxe5 Nf5 52. Bd3 Ng7 53. Rg8 Kh6 54. Kf6 Nh5+ 55. Kf7 Nf4 56. Bxg6 Nxh3 57. Bf5 Nxf2 58. Kf6 h3 59. Rh8# 1-0

[Event "Titled Tuesday intern op 26th Nov Late"]
[Site "Chess.com INT"]
[Date "2024.11.26"]
[Round "6"]
[White "Cupid, Kevin"]
[Black "Rose, Felix"]
[Result "1-0"]
[WhiteElo "2181"]
[BlackElo "2093"]
[PlyCount "77"]
[EventDate "2024.11.26"]
[EventType "swiss (blitz)"]
[EventRounds "11"]
[EventCountry "USA"]
[SourceTitle "CB49_2024"]
[SourceDate "2024.12.04"]
[SourceVersion "1"]
[SourceVersionDate "2024.12.04"]
[SourceQuality "1"]

1. c4 e6 2. g3 d5 3. Bg2 Nf6 4. Nf3 Be7 5. 0-0 0-0 6. d3 b6 7. cxd5 Nxd5 8. Nc3 Bb7 9. h4 c5 10. Bg5 Nd7 11. e4 Nb4 12. Qe2 Ba6 13. Rfd1 h6 14. Bf4 Rc8 15. a3 Nc6 16. Qe3 Bf6 17. e5 Be7 18. Ne4 Re8 19. h5 Nf8 20. Bxh6 gxh6 21. Qxh6 Nh7 22. Qf4 Nd4 23. Nxd4 Qxd4 24. h6 Kh8 25. Rac1 f5 26. exf6 Bxf6 27. Nd6 Qxf4 28. gxf4 Bxb2 29. Rb1 Bd4 30. Be4 Nf6 31. Nxe8 Rxe8 32. Kg2 Rg8+ 33. Kf3 Nxe4 34. dxe4 Rg6 35. Rh1 Bd3 36. Rbg1 Rf6 37. Rh5 c4 38. h7 e5 39. Rg8# 1-0

[Event "Titled Tuesday intern op 26th Nov Late"]
[Site "Chess.com INT"]
[Date "2024.11.26"]
[Round "4"]
[White "Ruperez Benito, Antonio"]
[Black "Cupid, Kevin"]
[Result "1-0"]
[WhiteElo "2333"]
[BlackElo "2181"]
[PlyCount "65"]
[EventDate "2024.11.26"]
[EventType "swiss (blitz)"]
[EventRounds "11"]
[EventCountry "USA"]
[SourceTitle "CB49_2024"]
[SourceDate "2024.12.04"]
[SourceVersion "1"]
[SourceVersionDate "2024.12.04"]
[SourceQuality "1"]

1. d4 Nf6 2. Nc3 d5 3. Bg5 Nbd7 4. Qd3 h6 5. Bxf6 Nxf6 6. e4 e6 7. Nf3 a6 8. Be2 Bb4 9. e5 Ne4 10. 0-0 Bxc3 11. bxc3 c5 12. c4 0-0 13. Rfd1 cxd4 14. Qxd4 Qc7 15. cxd5 exd5 16. c4 Rd8 17. Rac1 Qa5 18. cxd5 Bf5 19. d6 Rac8 20. Bd3 Rxc1 21. Rxc1 Nxd6 22. exd6 Bxd3 23. Qxd3 Qxa2 24. g3 Qe6 25. Rd1 g5 26. Kg2 b5 27. Qa3 Ra8 28. d7 Rd8 29. Qd3 Kf8 30. Qd4 Ke7 31. Re1 Rxd7 32. Rxe6+ fxe6 33. Qg7+ 1-0

[Event "Olympiad-45"]
[Site "Budapest"]
[Date "2024.09.21"]
[Round "10.3"]
[White "Cupid, Kevin"]
[Black "Naser Eldean, Ahmed"]
[Result "1-0"]
[WhiteElo "2201"]
[BlackElo "1981"]
[PlyCount "82"]
[EventDate "2024.09.11"]
[EventType "team-swiss"]
[EventRounds "11"]
[EventCountry "HUN"]
[SourceTitle "EXT 2025"]
[Source "ChessBase"]
[SourceDate "2024.10.14"]
[SourceVersion "1"]
[SourceVersionDate "2024.10.14"]
[SourceQuality "1"]
[WhiteTeam "Trinidad and Tobago"]
[BlackTeam "Libya"]
[WhiteTeamCountry "TRI"]
[BlackTeamCountry "LBY"]

1. d4 Nf6 2. Nf3 g6 3. Nbd2 Bg7 4. e4 d6 5. Bb5+ c6 6. Bd3 Nbd7 7. 0-0 e5 8. c3 0-0 9. Re1 Re8 10. a4 Qc7 11. b3 d5 12. Nxe5 Nxe5 13. dxe5 Nxe4 14. Bxe4 dxe4 15. Nxe4 Rd8 16. Qf3 Bxe5 17. Bg5 Rf8 18. Bh6 Bg7 19. Nf6+ Kh8 20. Bxg7+ Kxg7 21. Ne8+ Rxe8 22. Rxe8 Bg4 23. Qe3 Rxe8 24. Qxe8 Be6 25. h3 Qe5 26. Rc1 Qg5 27. Re1 Qd2 28. Re3 Qd1+ 29. Kh2 Qxb3 30. Qe7 a5 31. Qh4 Qd1 32. Qf4 Qd5 33. Qc7 Qf5 34. Rf3 Qg5 35. Rg3 Qf5 36. Rf3 Qg5 37. Rg3 Qf5 38. Qxb7 Qe4 39. Qb2 Qxa4 40. c4+ Kg8 41. Rd3 Kf8 1-0

[Event "Olympiad-45"]
[Site "Budapest"]
[Date "2024.09.11"]
[Round "1.5"]
[White "Vokhidov, Shamsiddin"]
[Black "Cupid, Kevin"]
[Result "1-0"]
[WhiteElo "2650"]
[BlackElo "2201"]
[PlyCount "85"]
[EventDate "2024.09.11"]
[EventType "team-swiss"]
[EventRounds "11"]
[EventCountry "HUN"]
[SourceTitle "EXT 2025"]
[Source "ChessBase"]
[SourceDate "2024.10.14"]
[SourceVersion "1"]
[SourceVersionDate "2024.10.14"]
[SourceQuality "1"]
[WhiteTeam "Uzbekistan"]
[BlackTeam "Trinidad and Tobago"]
[WhiteTeamCountry "UZB"]
[BlackTeamCountry "TRI"]

1. e4 c6 2. d4 d5 3. e5 Bf5 4. h4 h5 5. Bd3 Bxd3 6. Qxd3 Qa5+ 7. Nd2 e6 8. Ngf3 Qa6 9. c4 Nh6 10. 0-0 Nf5 11. Rd1 Be7 12. g3 c5 13. dxc5 Nc6 14. b4 Nxb4 15. Qc3 Bxc5 16. Nb3 Nxg3 17. Re1 Ne4 18. Rxe4 dxe4 19. Nxc5 Qc6 20. Qxb4 b6 21. Ng5 bxc5 22. Qb5 Rc8 23. Nxe4 0-0 24. Qxc6 Rxc6 25. Be3 Rfc8 26. a4 Ra6 27. a5 Kh7 28. Kg2 Kg6 29. Kf3 f5 30. Nxc5 Rac6 31. Nb7 a6 32. Nd6 R8c7 33. Rb1 f4 34. Rg1+ Kh7 35. Kxf4 Rxc4+ 36. Nxc4 Rxc4+ 37. Kg5 Re4 38. Kxh5 Rxe5+ 39. Rg5 Re4 40. Rc5 Ra4 41. Kg5 Ra1 42. Bd4 Rg1+ 43. Kf4 1-0

[Event "Titled Tuesday intern op 20th Aug Early"]
[Site "Chess.com INT"]
[Date "2024.08.20"]
[Round "7"]
[White "Cupid, Kevin"]
[Black "Serra Canals, Oriol"]
[Result "0-1"]
[WhiteElo "2201"]
[BlackElo "2118"]
[PlyCount "72"]
[EventDate "2024.08.20"]
[EventType "swiss (blitz)"]
[EventRounds "11"]
[EventCountry "USA"]
[SourceTitle "EXT 2025"]
[Source "ChessBase"]
[SourceDate "2024.10.14"]
[SourceVersion "1"]
[SourceVersionDate "2024.10.14"]
[SourceQuality "1"]

1. d4 f5 2. e4 fxe4 3. Nc3 Nf6 4. Bg5 g6 5. f3 d5 6. Qd2 Bg7 7. 0-0-0 Nc6 8. Nge2 0-0 9. h4 exf3 10. gxf3 Bf5 11. Nf4 Nb4 12. Nd3 a5 13. Bh6 Nxd3+ 14. Bxd3 Bxd3 15. Bxg7 Bxc2 16. Bxf8 Bxd1 17. Bxe7 Qxe7 18. Rxd1 Re8 19. Kb1 c6 20. Na4 Qe3 21. Qxa5 Qxf3 22. Qd2 Re2 23. Qc1 Ne4 24. Nc5 Qf5 25. Ka1 Nxc5 26. Qxc5 Qc2 27. Rb1 Qxc5 28. dxc5 Kf7 29. b4 Ke6 30. b5 d4 31. bxc6 bxc6 32. a4 d3 33. a5 d2 34. a6 Re1 35. a7 Rxb1+ 36. Kxb1 d1Q+ 0-1

[Event "Titled Tuesday intern op 20th Aug Early"]
[Site "Chess.com INT"]
[Date "2024.08.20"]
[Round "6"]
[White "Jakubowska, Anna"]
[Black "Cupid, Kevin"]
[Result "0-1"]
[WhiteElo "2139"]
[BlackElo "2201"]
[PlyCount "104"]
[EventDate "2024.08.20"]
[EventType "swiss (blitz)"]
[EventRounds "11"]
[EventCountry "USA"]
[SourceTitle "EXT 2025"]
[Source "ChessBase"]
[SourceDate "2024.10.14"]
[SourceVersion "1"]
[SourceVersionDate "2024.10.14"]
[SourceQuality "1"]

1. e4 c6 2. d4 d5 3. e5 Bf5 4. Nf3 h6 5. Be2 e6 6. 0-0 Nd7 7. Nbd2 Ne7 8. Nb3 a5 9. a4 g5 10. Be3 Bg7 11. Ne1 c5 12. Nxc5 Nxc5 13. dxc5 Bxe5 14. Nd3 Bg7 15. f4 Nc6 16. Bh5 0-0 17. fxg5 hxg5 18. Qd2 f6 19. Qe2 d4 20. Bd2 Qd5 21. Bf3 Qd7 22. Bh5 e5 23. Nf2 Qd5 24. Bf3 Qxc5 25. Ne4 Qe7 26. Bh5 Be6 27. Bg6 Bh6 28. Qh5 Qg7 29. Nxf6+ Rxf6 30. Rxf6 Qxf6 31. Qxh6 Qg7 32. Qxg5 Rf8 33. Re1 Rf6 34. Be4 Nb4 35. Qh5 Nd5 36. Qe8+ Qf8 37. Qxf8+ Kxf8 38. Rf1 Rxf1+ 39. Kxf1 b6 40. h4 Kf7 41. h5 Nf6 42. Bg6+ Kg7 43. Kf2 e4 44. Ke2 e3 45. Be1 Bg4+ 46. Kf1 Bxh5 47. Bxh5 Nxh5 48. g4 Nf4 49. c3 d3 50. b4 d2 51. Bxd2 exd2 52. bxa5 d1Q+ 0-1

[Event "Titled Tuesday intern op 23rd Jul Early"]
[Site "Chess.com INT"]
[Date "2024.07.23"]
[Round "1"]
[White "Aslanov, Umid Fuad"]
[Black "Cupid, Kevin"]
[Result "1-0"]
[WhiteElo "2216"]
[BlackElo "2201"]
[PlyCount "105"]
[EventDate "2024.07.23"]
[EventType "swiss (blitz)"]
[EventRounds "11"]
[EventCountry "USA"]
[SourceTitle "EXT 2025"]
[Source "ChessBase"]
[SourceDate "2024.10.14"]
[SourceVersion "1"]
[SourceVersionDate "2024.10.14"]
[SourceQuality "1"]

1. e4 c6 2. d4 d5 3. Nd2 dxe4 4. Nxe4 Nf6 5. Nxf6+ exf6 6. c3 Bd6 7. Bd3 0-0 8. Qc2 Re8+ 9. Ne2 h5 10. 0-0 Nd7 11. Bf4 Qc7 12. Bxd6 Qxd6 13. Rfe1 Nf8 14. c4 Bg4 15. Rad1 Rad8 16. h3 Bxe2 17. Rxe2 Rxe2 18. Qxe2 Qf4 19. d5 cxd5 20. cxd5 g6 21. Bc2 Qb4 22. Bb3 a5 23. Qe3 Kg7 24. a3 Qd6 25. Qa7 Qc7 26. Qd4 Rd6 27. Rd2 Nd7 28. Rc2 Qb8 29. Re2 Qd8 30. Re3 b5 31. Ba2 Nb6 32. Rd3 Qe7 33. b4 axb4 34. Qxb4 Qd7 35. Qc5 Na4 36. Qd4 Nb6 37. Bb3 Qc7 38. g3 Qe7 39. Kg2 Qe5 40. Qc5 Nc4 41. Bxc4 bxc4 42. Qxc4 f5 43. Qd4 Kf6 44. f4 Qxd4 45. Rxd4 Ra6 46. d6 Ra8 47. a4 Ke6 48. d7 Rd8 49. a5 Ke7 50. a6 Ra8 51. d8Q+ Rxd8 52. Rxd8 Kxd8 53. a7 1-0

[Event "Titled Tuesday intern op 14th May Early"]
[Site "Chess.com INT"]
[Date "2024.05.14"]
[Round "3"]
[White "Parondo, Rolly"]
[Black "Cupid, Kevin"]
[Result "1-0"]
[WhiteElo "2193"]
[BlackElo "2208"]
[PlyCount "139"]
[EventDate "2024.05.14"]
[EventType "swiss (blitz)"]
[EventRounds "11"]
[EventCountry "USA"]
[SourceTitle "EXT 2025"]
[Source "ChessBase"]
[SourceDate "2024.10.14"]
[SourceVersion "1"]
[SourceVersionDate "2024.10.14"]
[SourceQuality "1"]

1. d4 g6 2. Bf4 Bg7 3. e3 Nf6 4. Nf3 0-0 5. Bc4 d5 6. Bb3 a5 7. a3 a4 8. Ba2 Bg4 9. 0-0 c5 10. c3 Nc6 11. Nbd2 c4 12. Bb1 Bf5 13. Bxf5 gxf5 14. Ne5 e6 15. Qf3 Ne4 16. Nxe4 fxe4 17. Qg3 Nxe5 18. Bxe5 f6 19. Bd6 Rf7 20. Bb4 Kh8 21. Qh3 f5 22. f3 Qg5 23. fxe4 dxe4 24. Rf4 e5 25. Rh4 Qg6 26. Rf1 Rg8 27. g3 exd4 28. cxd4 Rd8 29. Bc3 Rd5 30. Rff4 Kg8 31. Rh5 b5 32. Rxe4 fxe4 33. Rxd5 Qf6 34. Qg2 Qf3 35. Rd8+ Bf8 36. Qxf3 Rxf3 37. Bb4 Kg7 38. Bd2 Kf7 39. Rb8 Bh6 40. Rb7+ Kg6 41. Rb6+ Kg7 42. Rxb5 Bxe3+ 43. Bxe3 Rxe3 44. Rb4 Re2 45. Rxc4 Rxb2 46. Rxa4 Kf6 47. Ra5 Rb3 48. Re5 Rxa3 49. Rxe4 Rd3 50. Kf2 Kf5 51. Rf4+ Kg5 52. h4+ Kg6 53. Rg4+ Kf5 54. Rf4+ Kg6 55. Kg2 h5 56. Re4 Kf5 57. Re5+ Kf6 58. Rxh5 Rxd4 59. Kh3 Rd3 60. Ra5 Rd4 61. h5 Rc4 62. g4 Rc1 63. Rf5+ Kg7 64. Kh4 Rg1 65. Kg5 Rc1 66. h6+ Kh7 67. Rf7+ Kh8 68. Kh5 Rh1+ 69. Kg6 Rxh6+ 70. Kxh6 1-0

[Event "Titled Tuesday intern op 14th May Early"]
[Site "Chess.com INT"]
[Date "2024.05.14"]
[Round "1"]
[White "Vardanyan, Aras"]
[Black "Cupid, Kevin"]
[Result "0-1"]
[WhiteElo "2314"]
[BlackElo "2208"]
[PlyCount "94"]
[EventDate "2024.05.14"]
[EventType "swiss (blitz)"]
[EventRounds "11"]
[EventCountry "USA"]
[SourceTitle "EXT 2025"]
[Source "ChessBase"]
[SourceDate "2024.10.14"]
[SourceVersion "1"]
[SourceVersionDate "2024.10.14"]
[SourceQuality "1"]

1. Nf3 g6 2. e4 c6 3. d4 d5 4. Nc3 dxe4 5. Nxe4 Nf6 6. Nxf6+ exf6 7. Bd3 Bg7 8. 0-0 0-0 9. h3 Be6 10. c4 Nd7 11. Re1 Nb6 12. b3 Qc7 13. Bb2 Rad8 14. Rc1 Bh6 15. Rc2 Bg7 16. Rce2 Rfe8 17. Qd2 Nc8 18. Qb4 b6 19. a4 a5 20. Qc3 Bd7 21. c5 Rxe2 22. Rxe2 Re8 23. Rxe8+ Bxe8 24. Bc4 b5 25. axb5 cxb5 26. Bf1 Ne7 27. Qe3 Bc6 28. Nd2 Nd5 29. Qg3 Nf4 30. Nf3 h5 31. Bc1 Bh6 32. Be3 a4 33. bxa4 bxa4 34. Kh2 Bxf3 35. Qxf3 Nd5+ 36. g3 Nxe3 37. fxe3 a3 38. Qa8+ Kg7 39. Qxa3 Qe7 40. d5 Bxe3 41. d6 Qe5 42. d7 h4 43. Qxe3 Qxe3 44. d8Q Qf2+ 45. Bg2 hxg3+ 46. Kh1 Qe1+ 47. Bf1 Qxf1# 0-1

[Event "Titled Tuesday intern op 09th Jan Early"]
[Site "Chess.com INT"]
[Date "2024.01.09"]
[Round "3"]
[White "Cupid, Kevin"]
[Black "Alexanian, Nelli"]
[Result "1-0"]
[WhiteElo "2188"]
[BlackElo "1896"]
[PlyCount "61"]
[EventDate "2024.01.09"]
[EventType "swiss (blitz)"]
[EventRounds "11"]
[EventCountry "USA"]
[SourceTitle "CBM 218 Extra"]
[Source "ChessBase"]
[SourceDate "2024.03.31"]
[SourceVersion "1"]
[SourceVersionDate "2024.03.31"]
[SourceQuality "1"]

1. d4 Nf6 2. Nf3 c5 3. d5 b5 4. c4 g6 5. g3 Bg7 6. Bg2 0-0 7. 0-0 bxc4 8. Nfd2 d6 9. Nxc4 Ba6 10. Qc2 Nbd7 11. Nba3 Qc7 12. Bd2 Rab8 13. Rfe1 e6 14. e4 Nb6 15. Ba5 Qd7 16. dxe6 fxe6 17. Rad1 Nxc4 18. Nxc4 Bxc4 19. Qxc4 Rxb2 20. Bc3 Rb6 21. e5 Ne8 22. Bh3 d5 23. Qxc5 Rc6 24. Qe3 Qc7 25. Bd4 Rc2 26. Qb3 Qc4 27. Bxe6+ Kh8 28. Bxd5 Qc8 29. Bg2 Qf5 30. f4 Nc7 31. Be4 1-0

[Event "Titled Tuesday intern op 09th Jan Early"]
[Site "Chess.com INT"]
[Date "2024.01.09"]
[Round "5"]
[White "Cupid, Kevin"]
[Black "Ambartsumova, Karina"]
[Result "0-1"]
[WhiteElo "2188"]
[BlackElo "2418"]
[PlyCount "60"]
[EventDate "2024.01.09"]
[EventType "swiss (blitz)"]
[EventRounds "11"]
[EventCountry "USA"]
[SourceTitle "CBM 218 Extra"]
[Source "ChessBase"]
[SourceDate "2024.03.31"]
[SourceVersion "1"]
[SourceVersionDate "2024.03.31"]
[SourceQuality "1"]

1. d4 Nf6 2. Nf3 e6 3. Bg5 d5 4. e3 c5 5. c3 Be7 6. Nbd2 b6 7. Bd3 0-0 8. 0-0 Ba6 9. Qe2 Bxd3 10. Qxd3 Nc6 11. a3 h6 12. Bh4 Qd7 13. b4 a6 14. Rab1 c4 15. Qc2 b5 16. a4 Rfb8 17. a5 Re8 18. Ne5 Nxe5 19. dxe5 Ng4 20. Bg3 f6 21. exf6 Nxf6 22. Rbd1 Bd6 23. e4 Bxg3 24. hxg3 Qf7 25. e5 Ng4 26. Nf3 Qh5 27. Rd4 Rf8 28. Rfd1 Rxf3 29. gxf3 Qh2+ 30. Kf1 Ne3+ 0-1